000 00908nam a2200253 4500
003 CSPC
005 20260421144948.0
008 260421c2019 ph r p i 00 0 eng d
040 _aCSPC
_beng
_cCSPC
_erda
245 1 4 _aThe president's budget message.
246 3 _aThe president's budget message :
_bfiscal year 2020.
264 1 _aManila, Philippines
_bRepublika ng Pilipinas ;
_c2020.
300 _c23 cm.
336 _2rdacontent
_atext
337 _2rdamedia
_aunmediated
338 _2rdacarrier
_avolume
362 _a2019
504 _aIncludes bibliographical references
650 4 _aBudget
_xPeriodicals.
_zPhilippines
650 4 _aBudget message
_xPeriodicals
_zPhilippines
650 4 _aFinance, Public
_xPeriodicals
_zPhilippines
942 _2ddc
_n0
_cSERIALS
_h352.48
_kSER
_m2019
_iP926
999 _c32354
_d32354